| 000 | 00517nam a2200181 i 4500 | ||
|---|---|---|---|
| 001 | 27068 | ||
| 003 | ES-MaACL | ||
| 005 | 20230906153544.0 | ||
| 007 | t| | ||
| 008 | 030113s1890 sp ||||1| spa d | ||
| 080 | _a528.425.2 | ||
| 100 | 1 |
_aAvilés Arnau, Juan. _924068 |
|
| 245 | 1 | 0 |
_aManual práctico de taquimetría / _cJuan Avilés Arnau. |
| 260 |
_aBarcelona : _b[s.n.], _c1890 ( _fImp. El Universo) |
||
| 300 |
_aX, 92 p. : _bil. ; _c17 cm. |
||
| 650 | 4 |
_aTaquimetria. _9136900 |
|
| 852 |
_aES-MaACL _jT-880-F-7 |
||
| 999 |
_c27068 _d27068 |
||